| 000 | 01232nam0a22002891 4500 | ||
|---|---|---|---|
| 001 | rc\3243647 | ||
| 005 | 20250609195034.0 | ||
| 021 |
_aRU _b[72-15051] |
||
| 035 | _a(NLR Aleph) 007476790 | ||
| 090 |
_a7473587 _c7473587 |
||
| 100 | _a20130115d1972 |||y0rusy50 ca | ||
| 101 | 0 | _arus | |
| 102 | _aRU | ||
| 105 | _ay z ||||| | ||
| 200 | 1 |
_aХарактеристика слуха по данным современных аудиологических методов при различных формах тугоухости и ее особенностей у жителей Таджикистана _eМетод. письмо _fМ-во здравоохранения ТаджССР. Респ. клинич. больница № 3 |
|
| 210 |
_aДушанбе _cБ. и. _d1972 |
||
| 215 |
_a35 с. _d21 |
||
| 300 | _aПеред загл. авт.: доц. И.Б. Холматов | ||
| 320 | _aСписок лит.: с. 31-35 | ||
| 606 |
_aСлух _xОпределение _2psbo |
||
| 606 |
_aТугоухость _2psbo |
||
| 700 | 1 |
_aХолматов _bИ.Б. _f1928- _gИсраил Бабаджанович |
|
| 801 | 0 |
_aRU _bNLR _gpsbo |
|
| 801 | 1 |
_aRU _bELAR _2rusmarc |
|
| 852 |
_aNLR _j72-4/8167 |
||
| 942 | _cBOOK | ||
| 980 | _aNB | ||